Statistiken für Zählen Sie in römischen Ziffern - 30 Sekunden Sprint

Klicken Sie hier um das Quiz zu spielen!

Allgemein

  • Dieses Quiz wurde 323 mal gespielt
  • Das Durchschnittsergebnis liegt bei 17 aus 50

Antwortstatistiken

#% Korrekt
I
100%
II
99%
III
99%
IV
95%
VI
95%
V
94%
VII
94%
VIII
93%
X
88%
IX
87%
XI
87%
XII
86%
XIII
83%
XIV
71%
XV
67%
XVI
63%
XVII
61%
XVIII
53%
XIX
31%
XX
29%
XXI
24%
XXII
21%
XXIII
17%
XXIV
12%
XXV
10%
XXVI
8%
XXVII
5%
XXVIII
4%
XXIX
2%
XXX
1%
XXXI
1%
L
0%
XL
0%
XLI
0%
XLII
0%
XLIII
0%
XLIV
0%
XLIX
0%
XLV
0%
XLVI
0%
XLVII
0%
XLVIII
0%
XXXII
0%
XXXIII
0%
XXXIV
0%
XXXIX
0%
XXXV
0%
XXXVI
0%
XXXVII
0%
XXXVIII
0%

Verteilung der Resultate

Perzentil nach korrekt beantworteten Fragen

Anzahl Personen mit jedem Resultat

Ihre Resultats-Entwicklung

Sie haben dieses Quiz noch nicht gespielt